=LDR 00000nam 2200000 4500 =001 INLIS000000000055703 =005 20200701023439 =035 ##$$a 0010-0720000007 =007 ta =008 200701################g##########0#ind## =020 ##$$a 979-421-842-1 =082 ##$$a 2x5.1 =084 ##$$a 2x5.1 SAB d =100 #$$a Sabaruddin =245 1#$$a Delapan macam keuntungan bagi orang yang bertaqwa /$c Drs.H. Sabaruddin,MM =250 ##$$a cet.1 =260 ##$$a Jakarta :$b RajaGrafindo Persada,$c 2001 =300 ##$$a 62 hlm., ; $c 10x18 cm =600 #4$$a Akhlak =990 ##$$a 02620262 =990 ##$$a 2033292